|
|
|
|
| LEADER |
00919nam a22002297a 4500 |
| 001 |
AAL6916 |
| 003 |
BD-DhAAL |
| 005 |
20160125145129.0 |
| 008 |
160125b20082001bd a|||| b||| 00| 0 ben d |
| 020 |
|
|
|a 9847021300006
|
| 040 |
|
|
|a BD-DhAAL
|c BD-DhAAL
|
| 082 |
|
|
|a 954.92
|
| 100 |
|
|
|a হারুন-আর- রশিদ
|9 17554
|
| 245 |
|
|
|a বাঙালী ও বাংলাদেশ ০-২০০৫ /
|c হারুন-আর- রশিদ
|
| 260 |
|
|
|a ঢাকা :
|b হাসিনা প্রকাশনা,
|c ২০০৮.
|
| 300 |
|
|
|a ৫৬০ পৃ. :
|b চিত্র ;
|c ২২ সে.মি.
|
| 504 |
|
|
|6 Includes bibliography
|
| 541 |
|
|
|e 6916
|
| 650 |
|
|
|a History
|z Bangladesh
|9 17555
|
| 942 |
|
|
|2 ddc
|c BK
|
| 999 |
|
|
|c 36679
|d 36679
|
| 952 |
|
|
|0 0
|1 0
|2 ddc
|4 0
|6 954_920000000000000_BAN
|7 0
|9 57690
|a SCL
|b SCL
|c GEN
|d 2016-01-25
|g 205.00
|l 8
|m 33
|o 954.92 BAN
|p 3020006916
|r 2025-05-03
|s 2025-04-25
|t 1
|w 2016-01-25
|y BK
|